000 01462cam a22002054a 4500
005 20250605164216.0
008 250528s ||||||||||||||||||||||||d
035 _a20469
040 _aGR-AtMCL
_bgre
_dGR-AtMCL
_eAACR2
245 1 _aThe Literature of the United States
250 _a3rd
260 _bPenguin Books,
_c1970
300 _a416
505 0 _aAcknowledgements, Introduction, Colonial America, America and Europe - The Problems of Indepedence, Independence - The First Fruits, New England's Day, Melville and Whitman, More New Englanders, American Humour and the Rise of the West, Minor Key, Realism in American Prose, The Expatriates, The New Poetry, Fiction since World War I, The American Theatre, Poetry and Criticism since World War I, America and the Writer since 1945, Notes on Further Reading, Some Dates in American History, Index.
520 _aAcknowledgements, Introduction, Colonial America, America and Europe - The Problems of Indepedence, Independence - The First Fruits, New England's Day, Melville and Whitman, More New Englanders, American Humour and the Rise of the West, Minor Key, Realism in American Prose, The Expatriates, The New Poetry, Fiction since World War I, The American Theatre, Poetry and Criticism since World War I, America and the Writer since 1945, Notes on Further Reading, Some Dates in American History, Index.
700 1 _aCunliffe Marcus
_96452
942 _cBK
999 _c5573
_d5573